Galactic Dynamics in the Era of Large Surveys (Record no. 22060)

MARC details
000 -LEADER
fixed length control field 00879nam a2200205Ia 4500
003 - CONTROL NUMBER IDENTIFIER
control field IN-BaIIA
008 - FIXED-LENGTH DATA ELEMENTS--GENERAL INFORMATION
fixed length control field 211028s9999 xx s 000 0 eng d
020 ## - INTERNATIONAL STANDARD BOOK NUMBER
International Standard Book Number 978-1-108-48248-6 (Print)
022 ## - INTERNATIONAL STANDARD SERIAL NUMBER
International Standard Serial Number 1743-9213 (Print)
022 ## - INTERNATIONAL STANDARD SERIAL NUMBER
International Standard Serial Number 1743-9221 (Online)
040 ## - CATALOGING SOURCE
Transcribing agency IIA Library
100 ## - MAIN ENTRY--PERSONAL NAME
Personal name Valluri, M., ed.
9 (RLIN) 23854
245 #0 - TITLE STATEMENT
Title Galactic Dynamics in the Era of Large Surveys
Medium [eBook]
260 ## - PUBLICATION, DISTRIBUTION, ETC.
Place of publication, distribution, etc. Cambridge
Name of publisher, distributor, etc. Cambridge University Press
Date of publication, distribution, etc. 2019
300 ## - PHYSICAL DESCRIPTION
Extent Online resource
490 ## - SERIES STATEMENT
Series statement IAU Symposium; no. 353
700 ## - ADDED ENTRY--PERSONAL NAME
Personal name Sellwood, J. A., ed.
9 (RLIN) 16590
856 ## - ELECTRONIC LOCATION AND ACCESS
Uniform Resource Identifier <a href="https://www.cambridge.org/core/journals/proceedings-of-the-international-astronomical-union/issue/galactic-dynamics-in-the-era-of-large-surveys/4DEE5F91E38DE3F0A67F8E4D0968B690">https://www.cambridge.org/core/journals/proceedings-of-the-international-astronomical-union/issue/galactic-dynamics-in-the-era-of-large-surveys/4DEE5F91E38DE3F0A67F8E4D0968B690</a>
Link text Click Here to Access eBook
942 ## - ADDED ENTRY ELEMENTS (KOHA)
Koha item type eBooks
Holdings
Withdrawn status Lost status Damaged status Not for loan Home library Current library Date acquired Source of acquisition Total Checkouts Barcode Date last seen Uniform Resource Identifier Price effective from Koha item type
        IIA Library-Bangalore IIA Library-Bangalore 01/04/2014 CUP   EB1520 05/11/2021 https://www.cambridge.org/core/journals/proceedings-of-the-international-astronomical-union/issue/galactic-dynamics-in-the-era-of-large-surveys/4DEE5F91E38DE3F0A67F8E4D0968B690 05/11/2021 eBooks

Powered by Koha